000 00441nam a2200145Ia 4500
008 100204s9999 xx 000 0 und d
082 _b741
100 _aआचार्य नयना
245 _aअग्निमंचक
260 _b"उदयदीप प्रकाशन , मुंबई"
_c1978
300 _a238
630 _aअग्निमंचक
730 _aअग्निमंचक
942 _cBOOK
999 _c445936
_d445933